00362nam a2200133 a 45000010010000000030011000100080041000210350026000620820017000881000020001052450027001252600054001526500022002060000-9368ELIB.Books110520 1997  a(ELIB.Books)0000-9520 a220.92 bGru aGruen, Dietrich aWho's Who in the Bible bLincolnwood: Publications Internation,Ltd. c1997 aBible - Biography